| 000 | 00674nam a22001337a 4500 | ||
|---|---|---|---|
| 040 | _cRUA | ||
| 082 | _aAED EM 2018 B657 Or.1 | ||
| 100 | _aEM SAROTH អែម សារដ្ឋ | ||
| 245 | _athe study on economic efficiency of biogaster using in sla commune, samrong district, takeo province ការសិក្សារអំពីប្រសិទ្ធភាពសេដ្ឋកិច្ចនៃការប្រើប្រាស់ឡជីវឧស្ម័ននៅឃុំស្លា ស្រុកសំរោង ខេត្តតាកែវ | ||
| 260 |
_aRUA _bPhnom penh _c2018 |
||
| 300 |
_ax;39p _bill; _c29cm |
||
| 856 | _u EM SAROTH | ||
| 942 | _cAED | ||
| 999 |
_c18748 _d18748 |
||